000 01667cam a22004454i 4500
003 PE-LiUPU
005 20250731173512.0
008 150616s1904 xxua r 000 0 spa d
035 _a(Sirsi) a7696
040 _aPE-LiUPU
_bspa
_cPE-LiUPU
_erda
049 _aPRUA
082 0 4 _a232.6
_bL87
_221
100 1 _aLoughborough, J. N.L.,
_eautor.
245 1 0 _aLast-Day Tokens.
264 1 _aLody, California :
_bPacific Press Publishing Association,
_c1904.
300 _a206 páginas :
_bilustraciones ;
_c18 centímetros
336 _atext
_2rdacontent
337 _aunmediated
_2rdamedia
338 _avolume
_2rdacarrier
505 0 _aThe second advent -- The day of the lord cometh -- The judgment message -- The last generation -- Last-day tokens.- Other wonders witnessed -- Loud voice of tne time message -- Parable of the ten virgins -- The "Little book" and the talents -- The third message and last call.
526 _aSEG42
526 _aSEG41
526 _aSEG40
526 _aSEG39
526 _aP94
526 _aP87
526 _aP86
526 _aP85
526 _aP77
526 _aP76
526 _aP35
650 0 4 _aSegundo Venida.
910 _ajck
_bjvq
_cjck
942 _2ddc
_cBOOK
949 _a232.6 L87
_wDEWEY
_c1
_i41307
_lCCODEBUL1
_mBUL
_p25.00
_r0
_sY
_tBOOK
_u19960530
_xTEOLOGIA
_zUNKNOWN
_0COMPRA
_o.STAFF. Colección Teología
994 _aC0
_bPEPRU
596 _a1
999 _a232.6 L87
_wDEWEY
_c58967
_i41307
_d58967
_e2017-6-5
_f2021-11-10
_g5
_lCCODEBUL1
_mBUL
_n1
_p25.00
_r0
_sY
_tBOOK
_u2015-6-16
_xTEOLOGIA
_PP35
_0COMPRA
_o.STAFF. Colección Teología
980 _81
_gALBERTO SANCHEZ Responsable de Automatización